| 000 | 00354nam a2200133Ia 4500 | ||
|---|---|---|---|
| 008 | 260604s9999 xx 000 0 und d | ||
| 020 | _a9780367341435 | ||
| 082 | _a001.4 VEA | ||
| 100 |
_aVEAR [CRAIG] _935435 |
||
| 245 | 0 | _aROUTLEDGE INTERNATIONAL HANDBOOK OF PRACTICE-BASED RESEARCH | |
| 260 | _bROUTLEDGE | ||
| 500 | _aResearch, Practice | ||
| 942 | _cBK | ||
| 999 |
_c8254 _d8254 |
||